00545nam a2200169Ia 450000500170000000800410001708200170005810000170007524500890009225000090018126000370019030000160022765000130024394200060025695200980026299900150036020240416051049.0240331s9999 xx 000 0 und d bVAMa323.632 aVamadevan, M 0aSri Lankan repatriates in Tamil NadubRehabilitation and integration /cM. Vamadevan a1st. aMadras .bZen Publishers .c1989 aix, 196 p., aEconomic cL 001040708LaWERCLbWERCLcSSCd2024-03-31l0o 323.632 VAMp475r2024-03-31w2024-03-31yL c2525d2525